[Event "Asian Continental-ch Women 2019"]
[Site "XingTai"]
[Date "2019.06.07"]
[Round "1.18"]
[White "Saduakassova, Dinara"]
[Black "Mohota, Nisha"]
[Result "1-0"]
[WhiteElo "2458"]
[BlackElo "2236"]
[Annotator "ChessBase"]
[PlyCount "77"]
[EventDate "2019.06.06"]
[EventType "swiss"]
[EventCountry "CHN"]
[SourceTitle "playchess.com"]
[Source "ChessBase"]
[SourceQuality "1"]
[TimeControl "40/5400+30:1800+30"]

1. e4 {[%emt 0:00:00]} e5 {[%emt 0:00:00]} 2. Nf3 {[%emt 0:00:00]} Nc6 {[%emt 0:00:00]} 3. Bb5 {[%emt 0:00:00]} a6 {[%emt 0:00:14]} 4. Ba4 {[%emt 0:00:00]} Nf6 {[%emt 0:00:05]} 5. O-O {[%emt 0:00:00]} Be7 {[%emt 0:00:04]} 6. Re1 {[%emt 0:00:15]} b5 {[%emt 0:00:32]} 7. Bb3 {[%emt 0:00:04]} d6 {[%emt 0:00:12]} 8. c3 {[%emt 0:00:04]} O-O {[%emt 0:00:21]} 9. h3 {[%emt 0:00:03]} Nb8 {[%emt 0:01:52]} 10. d4 {[%emt 0:00:17]} Nbd7 {[%emt 0:00:09]} 11. Nbd2 {[%emt 0:00:19]} Bb7 {[%emt 0:00:05]} 12. Bc2 {[%emt 0:00:28]} Re8 {[%emt 0:00:03]} 13. a4 {[%emt 0:00:09]} Bf8 {[%emt 0:03:53]} 14. Bd3 {[%emt 0:00:44]} c6 {[%emt 0:00:02]} 15. b3 {[%emt 0:02:47]} g6 {[%emt 0:06:12]} 16. Bb2 {[%emt 0:01:06]} Nh5 {[%emt 0:04:23]} 17. Bf1 {[%emt 0:00:52]} Bh6 {[%emt 0:04:10]} 18. Qc2 {[%emt 0:09:56]} Nf4 {[%emt 0:09:00]} 19. axb5 {[%emt 0:08:40]} cxb5 {[%emt 0:04:39]} 20. d5 {[%emt 0:07:46]} Rc8 {[%emt 0:05:50]} 21. b4 {[%emt 0:03:38]} Rc7 {[%emt 0:08:12]} 22. Nb3 {[%emt 0:04:01]} f5 {[%emt 0:10:11]} 23. Na5 {[%emt 0:04:00]} fxe4 {[%emt 0:02:39]} 24. Nxb7 {[%emt 0:00:51]} Rxb7 {[%emt 0:00:03]} 25. Rxe4 {[%emt 0:03:49]} Nf6 {[%emt 0:06:20]} 26. Ree1 {[%emt 0:03:19]} N4xd5 {[%emt 0:02:00]} 27. Qb3 {[%emt 0:17:08]} Kh8 {[%emt 0:08:12]} 28. Rad1 {[%emt 0:04:21]} Nb6 {[%emt 0:05:54]} 29. Nxe5 {[%emt 0:01:08]} Qc7 {[%emt 0:03:57]} 30. Ng4 {[%emt 0:03:53]} Rxe1 {[%emt 0:09:36]} 31. Rxe1 {[%emt 0:00:13]} Bg7 {[%emt 0:00:40]} 32. Nxf6 {[%emt 0:01:05]} Bxf6 {[%emt 0:00:06]} 33. Re8+ {[%emt 0:00:15]} Kg7 {[%emt 0:00:03]} 34. Qg8+ {[%emt 0:00:37]} Kh6 {[%emt 0:00:02]} 35. Bc1+ {[%emt 0:01:08]} Bg5 {[%emt 0:04:47]} 36. Qf8+ {[%emt 0:00:40]} Qg7 {[%emt 0:00:06]} 37. Bxg5+ {[%emt 0:00:13]} Kxg5 {[%emt 0:00:08]} 38. h4+ {[%emt 0:00:10]} Kxh4 {[%emt 0:00:51]} 39. Qf4+ {[%emt 0:00:10]} 1-0

[Event "Asian Continental-ch Women 2019"]
[Site "XingTai"]
[Date "2019.06.07"]
[Round "1.19"]
[White "Zhang, Xiao"]
[Black "Munguntuul, Batkhuyag"]
[Result "1-0"]
[WhiteElo "2234"]
[BlackElo "2420"]
[Annotator "ChessBase"]
[PlyCount "79"]
[EventDate "2019.06.06"]
[EventType "swiss"]
[EventCountry "CHN"]
[SourceTitle "playchess.com"]
[Source "ChessBase"]
[SourceQuality "1"]
[TimeControl "40/5400+30:1800+30"]

1. d4 {[%emt 0:00:00]} d5 {[%emt 0:00:00]} 2. c4 {[%emt 0:00:00]} c6 {[%emt 0:00:00]} 3. Nf3 {[%emt 0:00:00]} Nf6 {[%emt 0:00:00]} 4. e3 {[%emt 0:00:01]} e6 {[%emt 0:00:00]} 5. Bd3 {[%emt 0:00:07]} Nbd7 {[%emt 0:00:00]} 6. b3 {[%emt 0:00:12]} b6 {[%emt 0:03:43]} 7. O-O {[%emt 0:01:51]} Bb7 {[%emt 0:00:13]} 8. Bb2 {[%emt 0:00:31]} Be7 {[%emt 0:06:54]} 9. Nbd2 {[%emt 0:00:46]} O-O {[%emt 0:07:51]} 10. Ne5 {[%emt 0:05:25]} dxc4 {[%emt 0:14:30]} 11. Ndxc4 {[%emt 0:08:38]} c5 {[%emt 0:09:40]} 12. Qe2 {[%emt 0:06:07]} b5 {[%emt 0:08:34]} 13. Nd2 {[%emt 0:04:40]} a6 {[%emt 0:01:44]} 14. a4 {[%emt 0:02:55]} cxd4 {[%emt 0:04:48]} 15. exd4 {[%emt 0:10:01]} Nd5 {[%emt 0:03:00]} 16. g3 {[%emt 0:06:45]} Bb4 {[%emt 0:08:54]} 17. Ndf3 {[%emt 0:11:27]} bxa4 {[%emt 0:12:39]} 18. bxa4 {[%emt 0:03:26]} a5 {[%emt 0:00:27]} 19. Rac1 {[%emt 0:03:05]} N7b6 {[%emt 0:01:43]} 20. Bb5 {[%emt 0:04:08]} Rc8 {[%emt 0:01:54]} 21. h4 {[%emt 0:08:22]} Qd6 {[%emt 0:01:45]} 22. Ng5 {[%emt 0:03:01]} Nf6 {[%emt 0:02:05]} 23. Rxc8 {[%emt 0:01:23]} Nxc8 {[%emt 0:01:05]} 24. Bc4 {[%emt 0:01:56]} Nb6 {[%emt 0:02:36]} 25. Bb3 {[%emt 0:04:04]} h6 {[%emt 0:03:47]} 26. Nh3 {[%emt 0:02:16]} Rc8 {[%emt 0:00:30]} 27. g4 {[%emt 0:02:38]} Bc3 {[%emt 0:01:40]} 28. g5 {[%emt 0:01:51]} Qxd4 {[%emt 0:00:11]} 29. gxf6 {[%emt 0:01:56]} Bxb2 {[%emt 0:00:12]} 30. Nxf7 {[%emt 0:01:21]} Qxf6 {[%emt 0:03:08]} 31. Nd6 {[%emt 0:05:05]} Bd5 {[%emt 0:01:09]} 32. Bxd5 {[%emt 0:00:15]} Nxd5 {[%emt 0:00:30]} 33. Nxc8 {[%emt 0:00:29]} Bd4 {[%emt 0:00:36]} 34. Nd6 {[%emt 0:00:46]} Nc3 {[%emt 0:00:27]} 35. Qh5 {[%emt 0:00:31]} e5 {[%emt 0:00:24]} 36. Nb5 {[%emt 0:00:36]} g6 {[%emt 0:00:22]} 37. Qxh6 {[%emt 0:00:24]} Ne2+ {[%emt 0:00:21]} 38. Kh2 {[%emt 0:00:20]} e4 {[%emt 0:00:27]} 39. Nxd4 {[%emt 0:00:43]} Nxd4 {[%emt 0:00:03]} 40. Qf4 {[%emt 0:00:00]} 1-0

[Event "Asian Continental-ch Women 2019"]
[Site "XingTai"]
[Date "2019.06.07"]
[Round "1.20"]
[White "Kulkarni Bhakti"]
[Black "Swati Ghate"]
[Result "1-0"]
[WhiteElo "2380"]
[BlackElo "2220"]
[Annotator "ChessBase"]
[PlyCount "159"]
[EventDate "2019.06.06"]
[EventType "swiss"]
[EventCountry "CHN"]
[SourceTitle "playchess.com"]
[Source "ChessBase"]
[SourceQuality "1"]
[TimeControl "40/5400+30:1800+30"]

1. d4 {[%emt 0:00:00]} Nf6 {[%emt 0:00:32]} 2. c4 {[%emt 0:00:24]} e6 {[%emt 0:00:41]} 3. g3 {[%emt 0:00:35]} c5 {[%emt 0:00:38]} 4. d5 {[%emt 0:00:10]} exd5 {[%emt 0:00:19]} 5. cxd5 {[%emt 0:00:07]} d6 {[%emt 0:00:05]} 6. Bg2 {[%emt 0:00:21]} g6 {[%emt 0:00:30]} 7. Nc3 {[%emt 0:01:14]} Bg7 {[%emt 0:03:08]} 8. Nf3 {[%emt 0:00:09]} O-O {[%emt 0:00:36]} 9. O-O {[%emt 0:00:27]} Re8 {[%emt 0:05:54]} 10. Bf4 {[%emt 0:11:35]} Bf5 {[%emt 0:02:34]} 11. Qb3 {[%emt 0:10:41]} Na6 {[%emt 0:11:21]} 12. Nh4 {[%emt 0:10:08]} Bc8 {[%emt 0:01:37]} 13. e4 {[%emt 0:05:22]} Nc7 {[%emt 0:29:28]} 14. a4 {[%emt 0:02:39]} Rb8 {[%emt 0:03:23]} 15. Rfe1 {[%emt 0:04:27]} Nh5 {[%emt 0:01:11]} 16. Bd2 {[%emt 0:05:54]} Bd7 {[%emt 0:01:59]} 17. Bf1 {[%emt 0:07:14]} b6 {[%emt 0:09:10]} 18. Nb5 {[%emt 0:02:53]} Nxb5 {[%emt 0:04:12]} 19. axb5 {[%emt 0:00:28]} Rb7 {[%emt 0:01:08]} 20. Bc3 {[%emt 0:12:56]} Bc8 {[%emt 0:08:45]} 21. Nf3 {[%emt 0:02:49]} Rbe7 {[%emt 0:02:01]} 22. Bxg7 {[%emt 0:03:41]} Nxg7 {[%emt 0:01:49]} 23. Qc4 {[%emt 0:00:09]} f5 {[%emt 0:07:10]} 24. e5 {[%emt 0:00:53]} Nh5 {[%emt 0:03:05]} 25. e6 {[%emt 0:01:12]} Nf6 {[%emt 0:00:28]} 26. Ng5 {[%emt 0:00:17]} Bb7 {[%emt 0:00:40]} 27. Bg2 {[%emt 0:00:20]} Qa8 {[%emt 0:00:08]} 28. Rad1 {[%emt 0:00:54]} Rf8 {[%emt 0:00:44]} 29. Qf4 {[%emt 0:03:10]} Ne8 {[%emt 0:00:36]} 30. Qh4 {[%emt 0:01:06]} Qb8 {[%emt 0:00:35]} 31. Nf7 {[%emt 0:03:24]} Qc7 {[%emt 0:00:18]} 32. Re3 {[%emt 0:01:01]} a6 {[%emt 0:00:36]} 33. bxa6 {[%emt 0:00:11]} Bxa6 {[%emt 0:00:09]} 34. g4 {[%emt 0:00:22]} fxg4 {[%emt 0:00:08]} 35. Qxg4 {[%emt 0:01:51]} Ng7 {[%emt 0:00:16]} 36. Rde1 {[%emt 0:01:54]} Rexf7 {[%emt 0:00:49]} 37. exf7+ {[%emt 0:00:07]} Qxf7 {[%emt 0:00:02]} 38. Rf3 {[%emt 0:02:21]} Nf5 {[%emt 0:00:01]} 39. Qe4 {[%emt 0:00:24]} Bc8 {[%emt 0:00:02]} 40. Bh3 {[%emt 0:00:00]} Bd7 {[%emt 0:00:00]} 41. Qd3 {[%emt 0:06:36]} Qf6 {[%emt 0:08:56]} 42. Qd2 {[%emt 0:10:57]} b5 {[%emt 0:06:06]} 43. Bxf5 {[%emt 0:01:57]} Bxf5 {[%emt 0:01:39]} 44. Qf4 {[%emt 0:00:42]} Kg7 {[%emt 0:06:55]} 45. Qg3 {[%emt 0:06:06]} b4 {[%emt 0:03:22]} 46. Re6 {[%emt 0:01:18]} Qxb2 {[%emt 0:02:14]} 47. Qxd6 {[%emt 0:02:53]} Rf7 {[%emt 0:01:44]} 48. Re8 {[%emt 0:02:02]} c4 {[%emt 0:02:16]} 49. Rf4 {[%emt 0:06:16]} b3 {[%emt 0:02:21]} 50. Kg2 {[%emt 0:01:15]} Qf6 {[%emt 0:01:40]} 51. Qxf6+ {[%emt 0:00:37]} Kxf6 {[%emt 0:00:25]} 52. Rb8 {[%emt 0:00:33]} Ke5 {[%emt 0:00:55]} 53. Rxc4 {[%emt 0:00:12]} Be4+ {[%emt 0:00:04]} 54. Kg1 {[%emt 0:00:28]} Bxd5 {[%emt 0:00:19]} 55. f4+ {[%emt 0:00:21]} Kd6 {[%emt 0:00:55]} 56. Rb6+ {[%emt 0:00:07]} Kd7 {[%emt 0:00:36]} 57. Rd4 {[%emt 0:00:21]} Kc7 {[%emt 0:00:28]} 58. Rb5 {[%emt 0:00:40]} Be6 {[%emt 0:00:12]} 59. Rc5+ {[%emt 0:00:25]} Kb6 {[%emt 0:00:21]} 60. Re5 {[%emt 0:00:04]} Rf6 {[%emt 0:01:07]} 61. Kg2 {[%emt 0:02:03]} Bf7 {[%emt 0:00:22]} 62. Kg3 {[%emt 0:00:12]} Rc6 {[%emt 0:00:22]} 63. Rb4+ {[%emt 0:00:17]} Ka6 {[%emt 0:00:02]} 64. Reb5 {[%emt 0:00:32]} Be6 {[%emt 0:01:16]} 65. Rb8 {[%emt 0:00:41]} Ka5 {[%emt 0:00:26]} 66. R4b7 {[%emt 0:00:29]} Rc3+ {[%emt 0:00:36]} 67. Kf2 {[%emt 0:00:16]} Bc4 {[%emt 0:00:23]} 68. Ra7+ {[%emt 0:01:06]} Ba6 {[%emt 0:00:02]} 69. Ke1 {[%emt 0:00:34]} h5 {[%emt 0:01:06]} 70. h4 {[%emt 0:00:17]} Rc1+ {[%emt 0:00:19]} 71. Kd2 {[%emt 0:00:03]} Rc2+ {[%emt 0:00:04]} 72. Kd1 {[%emt 0:00:37]} Rc3 {[%emt 0:00:05]} 73. Kd2 {[%emt 0:00:17]} Rc2+ {[%emt 0:00:01]} 74. Ke3 {[%emt 0:00:26]} b2 {[%emt 0:01:08]} 75. Kd4 {[%emt 0:00:24]} Rc4+ {[%emt 0:00:35]} 76. Kd5 {[%emt 0:00:03]} Rc2 {[%emt 0:00:29]} 77. Rb3 {[%emt 0:00:37]} Rd2+ {[%emt 0:01:17]} 78. Ke4 {[%emt 0:00:05]} Re2+ {[%emt 0:00:32]} 79. Kd4 {[%emt 0:00:09]} Ka4 {[%emt 0:00:23]} 80. Rb6 {[%emt 0:00:11]} 1-0

[Event "Asian Continental-ch Women 2019"]
[Site "XingTai"]
[Date "2019.06.07"]
[Round "1.21"]
[White "Wang, Doudou"]
[Black "Sukandar, Irine Kharisma"]
[Result "0-1"]
[WhiteElo "2188"]
[BlackElo "2378"]
[Annotator "TA"]
[PlyCount "114"]
[EventDate "2019.06.06"]
[EventType "swiss"]
[EventCountry "CHN"]
[SourceTitle "playchess.com"]
[Source "ChessBase"]
[SourceQuality "1"]

{[%evp 23,114,-18,-13,-12,-11,-11,0,-6,-3,-11,-4,-16,-12,-14,-9,-12,-13,-22,-22,-16,-8,-6,-6,-8,0,0,0,0,0,0,0,0,0,0,0,-14,-14,-13,0,-29,-29,-48,-25,-98,-104,-127,-14,-37,0,-23,0,-179,-179,-210,-168,-183,-78,-135,-138,-122,-127,-214,-110,-239,-147,-160,-157,-183,-19,-142,-71,-81,0,-423,-115,-110,0,-554,-556,-1265,-845,-1431,-833,-3674,-3425,-5573,-5322,-6514,-9916,-1667,-1545,-29980,-29978]} 1. d4 d5 2. Nf3 Nf6 3. Bf4 e6 4. e3 c5 5. c3 Bd6 6. Bxd6 Qxd6 7. Nbd2 Nbd7 8. Bd3 O-O 9. O-O e5 10. dxe5 Nxe5 11. Nxe5 Qxe5 12. Nf3 Qe7 13. c4 {D02: 1 d4 d5 2 Nf3 sidelines, including 2...Nf6 3 g3 and 2...Nf6 3 Bf4} (13. Qa4 Bg4 14. Qf4 Rad8 15. Rad1 Bh5 16. Bc2 Qd6 17. Qxd6 Rxd6 18. Rd2 Bxf3 19. gxf3 Ra6 20. Bb1 b5 {0-1 (60) Abel,D (2441)-Richter,M (2517) Berlin 2015}) 13... dxc4 14. Bxc4 Bg4 15. Be2 $146 {The position is equal.} ({Predecessor:} 15. h3 Rad8 16. Qe2 Bh5 17. Rfd1 h6 18. Rxd8 Rxd8 19. Rd1 Bxf3 20. Qxf3 Rxd1+ 21. Qxd1 {½-½ (21) Petrukhin,D (2355)-Petrukhina,O (2084) Zheleznogorsk 2017}) 15... Rad8 16. Qc2 g6 17. Rfd1 Bf5 18. Qc3 Rfe8 19. Rxd8 Rxd8 20. Rd1 Rxd1+ 21. Bxd1 Be4 22. h3 Qd6 23. Be2 Bxf3 24. Bxf3 b6 25. a3 h5 26. Be2 Ne4 27. Qc2 Qe5 28. Bc4 Kg7 29. Be2 Nd6 30. Qd2 b5 31. Qc2 a5 32. Qd2 b4 33. axb4 (33. f4 $11 {keeps the balance.} Qe6 34. axb4 axb4 35. Qd3) 33... cxb4 $17 34. Bf1 Qc5 (34... Ne4 $17 35. Qc1 a4) 35. Qd1 Nc8 36. Be2 Nb6 37. Kf1 $2 (37. b3 $1 $11) 37... a4 $1 $19 38. Kg1 Kh7 39. g3 b3 (39... a3 $19 {has better winning chances. And now ...a2 would win.} 40. Qb3 Kg7 41. bxa3 bxa3) 40. Bf1 (40. Bd3 $142) 40... Qd5 $17 41. Qc1 Nd7 42. Qc3 (42. f4 $17) 42... Nc5 (42... Ne5 $1 $19 {Hoping for ...Qe4.} 43. f4 Nf3+ 44. Kf2 Nd2) 43. Bg2 (43. Qc4 $17 Qxc4 44. Bxc4) 43... Qd1+ 44. Kh2 Qc2 $36 {[%mdl 2048] White is under strong pressure.} 45. Qf6 {[#]} Qc4 $2 (45... Qf5 $1 $19 {[%cal Rf5f6]} 46. Qd4 (46. Qxf5 $2 gxf5 47. Bd5 Nd3 $19 {[%mdl 64] Double Attack}) 46... a3 47. bxa3 Ne6) 46. Bf1 (46. f4 $1 $11) 46... Qe6 ({Better is} 46... Qd5 47. h4 Ne4) 47. Qd4 Qb6 (47... Qf5 $17 48. Kg2 Qc2) 48. Qc4 $2 {[%mdl 8192]} (48. Bc4 $11) 48... Kg8 $2 (48... Qf6 $19 49. Qxc5 Qxb2) 49. Qd4 {[#]} Qc7 (49... a3 $1 $17 {[%cal Ra3a2][%mdl 512]} 50. bxa3 b2) 50. Qb4 $2 {[%mdl 8192]} (50. Bc4 $11 {and White has nothing to worry.}) 50... Qe5 $19 51. Bg2 Kg7 52. Qc4 h4 53. Kh1 hxg3 54. fxg3 Qxe3 55. Kh2 {[#]} a3 $1 {[%mdl 576] Promotion} 56. bxa3 b2 57. Qc2 Qc1 {Accuracy: White = 22%, Black = 40%.} 0-1

[Event "Asian Continental-ch Women 2019"]
[Site "XingTai"]
[Date "2019.06.07"]
[Round "1.22"]
[White "Munkhzul, Turmunkh"]
[Black "Gu, Tianlu"]
[Result "1-0"]
[WhiteElo "2371"]
[BlackElo "2183"]
[Annotator "ChessBase"]
[PlyCount "129"]
[EventDate "2019.06.06"]
[EventType "swiss"]
[EventCountry "CHN"]
[SourceTitle "playchess.com"]
[Source "ChessBase"]
[SourceQuality "1"]
[TimeControl "40/5400+30:1800+30"]

1. e4 {[%emt 0:00:00]} e6 {[%emt 0:00:00]} 2. d3 {[%emt 0:00:08]} d5 {[%emt 0:02:12]} 3. Nd2 {[%emt 0:00:26]} c5 {[%emt 0:02:39]} 4. Ngf3 {[%emt 0:01:13]} Nc6 {[%emt 0:00:42]} 5. g3 {[%emt 0:00:46]} Nf6 {[%emt 0:02:46]} 6. Bg2 {[%emt 0:01:33]} Be7 {[%emt 0:02:53]} 7. O-O {[%emt 0:00:32]} O-O {[%emt 0:00:25]} 8. Re1 {[%emt 0:00:49]} Rb8 {[%emt 0:05:42]} 9. e5 {[%emt 0:02:28]} Nd7 {[%emt 0:00:37]} 10. Nf1 {[%emt 0:02:00]} b5 {[%emt 0:07:14]} 11. h4 {[%emt 0:02:06]} Qc7 {[%emt 0:06:12]} 12. Bf4 {[%emt 0:01:35]} Nb6 {[%emt 0:03:07]} 13. h5 {[%emt 0:04:32]} d4 {[%emt 0:02:09]} 14. h6 {[%emt 0:04:29]} g6 {[%emt 0:00:07]} 15. N1h2 {[%emt 0:15:51]} Nd5 {[%emt 0:01:35]} 16. Bd2 {[%emt 0:02:13]} Bb7 {[%emt 0:11:24]} 17. Ng4 {[%emt 0:02:10]} Qd8 {[%emt 0:07:48]} 18. Bc1 {[%emt 0:10:44]} Qc7 {[%emt 0:10:13]} 19. Ng5 {[%emt 0:06:00]} Qd8 {[%emt 0:13:56]} 20. Ne4 {[%emt 0:03:42]} Qc7 {[%emt 0:02:55]} 21. Bg5 {[%emt 0:11:52]} Bxg5 {[%emt 0:05:20]} 22. Nxg5 {[%emt 0:00:07]} Nce7 {[%emt 0:00:16]} 23. Ne4 {[%emt 0:01:01]} Kh8 {[%emt 0:02:33]} 24. Qd2 {[%emt 0:10:19]} Ng8 {[%emt 0:00:53]} 25. Qg5 {[%emt 0:00:27]} Qe7 {[%emt 0:02:09]} 26. Qxe7 {[%emt 0:04:35]} Ndxe7 {[%emt 0:00:14]} 27. Nxc5 {[%emt 0:02:31]} Bxg2 {[%emt 0:00:05]} 28. Kxg2 {[%emt 0:00:08]} Rbc8 {[%emt 0:00:59]} 29. b4 {[%emt 0:00:41]} Nf5 {[%emt 0:01:16]} 30. Rec1 {[%emt 0:02:03]} Ngxh6 {[%emt 0:01:42]} 31. Nxh6 {[%emt 0:00:06]} Nxh6 {[%emt 0:00:08]} 32. a4 {[%emt 0:00:11]} bxa4 {[%emt 0:01:25]} 33. Rxa4 {[%emt 0:00:08]} Rc7 {[%emt 0:01:11]} 34. Rca1 {[%emt 0:00:10]} Ra8 {[%emt 0:00:29]} 35. Kf3 {[%emt 0:00:16]} Nf5 {[%emt 0:00:52]} 36. Ke4 {[%emt 0:00:51]} h5 {[%emt 0:00:13]} 37. R1a2 {[%emt 0:01:40]} Ne7 {[%emt 0:01:08]} 38. Kxd4 {[%emt 0:02:39]} Nc6+ {[%emt 0:00:36]} 39. Ke4 {[%emt 0:00:34]} Nxb4 {[%emt 0:00:12]} 40. Rxb4 {[%emt 0:00:00]} Rxc5 {[%emt 0:00:00]} 41. c4 {[%emt 0:00:51]} Kg7 {[%emt 0:02:04]} 42. Rb7 {[%emt 0:00:29]} a5 {[%emt 0:00:52]} 43. Ra4 {[%emt 0:00:44]} Kf8 {[%emt 0:00:58]} 44. d4 {[%emt 0:03:05]} Rc6 {[%emt 0:00:15]} 45. Kd3 {[%emt 0:02:09]} g5 {[%emt 0:00:46]} 46. Rb5 {[%emt 0:04:09]} Rca6 {[%emt 0:01:00]} 47. d5 {[%emt 0:02:13]} exd5 {[%emt 0:00:15]} 48. cxd5 {[%emt 0:00:15]} Kg7 {[%emt 0:05:44]} 49. Ke4 {[%emt 0:02:46]} Kg6 {[%emt 0:01:15]} 50. d6 {[%emt 0:04:35]} f6 {[%emt 0:02:16]} 51. f4 {[%emt 0:00:29]} gxf4 {[%emt 0:01:14]} 52. gxf4 {[%emt 0:00:07]} fxe5 {[%emt 0:03:55]} 53. fxe5 {[%emt 0:00:13]} Re8 {[%emt 0:00:09]} 54. Kf4 {[%emt 0:05:02]} Rf8+ {[%emt 0:00:31]} 55. Kg3 {[%emt 0:00:31]} Rc6 {[%emt 0:03:45]} 56. Rb3 {[%emt 0:03:16]} Rfc8 {[%emt 0:10:18]} 57. Rxa5 {[%emt 0:02:41]} Kg5 {[%emt 0:00:24]} 58. Rf3 {[%emt 0:01:07]} Kg6 {[%emt 0:03:37]} 59. Rd5 {[%emt 0:01:05]} Rd8 {[%emt 0:00:24]} 60. Rf4 {[%emt 0:00:34]} Rc3+ {[%emt 0:00:49]} 61. Kh4 {[%emt 0:00:06]} Re3 {[%emt 0:00:35]} 62. d7 {[%emt 0:00:38]} Re1 {[%emt 0:00:34]} 63. Rd6+ {[%emt 0:00:12]} Kg7 {[%emt 0:00:17]} 64. e6 {[%emt 0:00:07]} Re5 {[%emt 0:00:51]} 65. Rf7+ {[%emt 0:00:06]} 1-0

[Event "Asian Continental-ch Women 2019"]
[Site "XingTai"]
[Date "2019.06.07"]
[Round "1.23"]
[White "Mendoza, Shania Mae"]
[Black "Karavade, Eesha"]
[Result "1/2-1/2"]
[WhiteElo "2171"]
[BlackElo "2370"]
[Annotator "ChessBase"]
[PlyCount "80"]
[EventDate "2019.06.06"]
[EventType "swiss"]
[EventCountry "CHN"]
[SourceTitle "playchess.com"]
[Source "ChessBase"]
[SourceQuality "1"]
[TimeControl "40/5400+30:1800+30"]

1. d4 {[%emt 0:00:00]} Nf6 {[%emt 0:00:00]} 2. Bg5 {[%emt 0:01:04]} c5 {[%emt 0:03:44]} 3. Bxf6 {[%emt 0:04:22]} gxf6 {[%emt 0:00:16]} 4. d5 {[%emt 0:01:36]} Qb6 {[%emt 0:00:26]} 5. Qc1 {[%emt 0:02:02]} Bh6 {[%emt 0:03:37]} 6. e3 {[%emt 0:03:49]} f5 {[%emt 0:01:52]} 7. Nd2 {[%emt 0:07:41]} f4 {[%emt 0:05:20]} 8. e4 {[%emt 0:03:09]} Qg6 {[%emt 0:01:27]} 9. Ngf3 {[%emt 0:01:19]} d6 {[%emt 0:00:21]} 10. c3 {[%emt 0:13:36]} Bg4 {[%emt 0:06:14]} 11. Qc2 {[%emt 0:01:02]} Nd7 {[%emt 0:01:24]} 12. Bb5 {[%emt 0:11:52]} a6 {[%emt 0:01:02]} 13. Qa4 {[%emt 0:02:29]} Rd8 {[%emt 0:00:38]} 14. Be2 {[%emt 0:00:49]} Qf6 {[%emt 0:01:10]} 15. Rd1 {[%emt 0:03:18]} O-O {[%emt 0:14:17]} 16. h3 {[%emt 0:04:01]} Bxf3 {[%emt 0:04:14]} 17. Nxf3 {[%emt 0:00:16]} Ne5 {[%emt 0:00:13]} 18. O-O {[%emt 0:01:51]} Bg7 {[%emt 0:01:44]} 19. Rfe1 {[%emt 0:02:14]} Ra8 {[%emt 0:03:45]} 20. Rd2 {[%emt 0:02:34]} b5 {[%emt 0:01:38]} 21. Qd1 {[%emt 0:00:41]} Rfb8 {[%emt 0:00:24]} 22. a4 {[%emt 0:08:29]} Nxf3+ {[%emt 0:01:18]} 23. Bxf3 {[%emt 0:00:13]} Qg5 {[%emt 0:00:34]} 24. Rde2 {[%emt 0:02:09]} Be5 {[%emt 0:00:17]} 25. Kh1 {[%emt 0:02:15]} Qg7 {[%emt 0:02:35]} 26. Rg1 {[%emt 0:02:09]} b4 {[%emt 0:01:44]} 27. Rc2 {[%emt 0:04:21]} bxc3 {[%emt 0:00:55]} 28. bxc3 {[%emt 0:00:02]} Rb3 {[%emt 0:03:46]} 29. c4 {[%emt 0:01:38]} Rab8 {[%emt 0:00:30]} 30. Bg4 {[%emt 0:04:41]} R8b4 {[%emt 0:05:44]} 31. Bd7 {[%emt 0:01:13]} Bd4 {[%emt 0:06:25]} 32. Qc1 {[%emt 0:02:35]} Rb2 {[%emt 0:06:02]} 33. g3 {[%emt 0:01:06]} Rxc2 {[%emt 0:01:11]} 34. Qxc2 {[%emt 0:00:08]} Rb2 {[%emt 0:00:10]} 35. Qxb2 {[%emt 0:00:12]} Bxb2 {[%emt 0:01:40]} 36. gxf4 {[%emt 0:00:05]} Bc1 {[%emt 0:00:56]} 37. Rxg7+ {[%emt 0:00:49]} Kxg7 {[%emt 0:00:02]} 38. Kg2 {[%emt 0:02:34]} Bxf4 {[%emt 0:00:12]} 39. Kf3 {[%emt 0:00:07]} Bd2 {[%emt 0:00:08]} 40. Ke2 {[%emt 0:00:00]} Bb4 {[%emt 0:00:00]} 1/2-1/2

[Event "Asian Continental-ch Women 2019"]
[Site "XingTai"]
[Date "2019.06.07"]
[Round "1.24"]
[White "Pham, Le Thao Nguyen"]
[Black "Pham, Bich Ngoc"]
[Result "1-0"]
[WhiteElo "2370"]
[BlackElo "2167"]
[Annotator "ChessBase"]
[PlyCount "63"]
[EventDate "2019.06.06"]
[EventType "swiss"]
[EventCountry "CHN"]
[SourceTitle "playchess.com"]
[Source "ChessBase"]
[SourceQuality "1"]
[TimeControl "40/5400+30:1800+30"]

1. d4 {[%emt 0:00:00]} f5 {[%emt 0:00:12]} 2. g3 {[%emt 0:00:18]} Nf6 {[%emt 0:00:10]} 3. Bg2 {[%emt 0:00:12]} g6 {[%emt 0:00:16]} 4. c3 {[%emt 0:01:41]} Bg7 {[%emt 0:00:17]} 5. Nh3 {[%emt 0:00:50]} c6 {[%emt 0:00:26]} 6. Qb3 {[%emt 0:00:44]} Qb6 {[%emt 0:00:19]} 7. Nd2 {[%emt 0:00:40]} Qxb3 {[%emt 0:01:13]} 8. axb3 {[%emt 0:00:26]} O-O {[%emt 0:04:34]} 9. Nc4 {[%emt 0:03:46]} Na6 {[%emt 0:00:20]} 10. Nf4 {[%emt 0:01:52]} d6 {[%emt 0:07:47]} 11. h4 {[%emt 0:02:10]} Rb8 {[%emt 0:01:05]} 12. h5 {[%emt 0:12:13]} g5 {[%emt 0:00:37]} 13. h6 {[%emt 0:00:46]} Bh8 {[%emt 0:02:25]} 14. Nh5 {[%emt 0:02:26]} g4 {[%emt 0:04:43]} 15. Nf4 {[%emt 0:04:13]} Ne4 {[%emt 0:03:25]} 16. b4 {[%emt 0:09:52]} e5 {[%emt 0:02:08]} 17. Bxe4 {[%emt 0:06:30]} exf4 {[%emt 0:15:34]} 18. Bd3 {[%emt 0:03:48]} fxg3 {[%emt 0:01:17]} 19. fxg3 {[%emt 0:00:42]} d5 {[%emt 0:04:45]} 20. Nd6 {[%emt 0:03:31]} Nxb4 {[%emt 0:06:37]} 21. cxb4 {[%emt 0:04:28]} Bxd4 {[%emt 0:00:07]} 22. Nxc8 {[%emt 0:03:05]} Rbxc8 {[%emt 0:00:42]} 23. Rh5 {[%emt 0:01:13]} a6 {[%emt 0:03:19]} 24. Bxf5 {[%emt 0:08:35]} Rce8 {[%emt 0:00:17]} 25. Ra3 {[%emt 0:00:36]} Re5 {[%emt 0:01:29]} 26. Bxg4 {[%emt 0:01:17]} Bf2+ {[%emt 0:00:15]} 27. Kd1 {[%emt 0:01:01]} Re4 {[%emt 0:00:13]} 28. Bf5 {[%emt 0:01:26]} Rxb4 {[%emt 0:00:15]} 29. Rf3 {[%emt 0:00:48]} Bc5 {[%emt 0:00:32]} 30. Be6+ {[%emt 0:02:19]} Kh8 {[%emt 0:00:07]} 31. Rxf8+ {[%emt 0:00:25]} Bxf8 {[%emt 0:00:04]} 32. Bg5 {[%emt 0:00:14]} 1-0